[Event "Paleochora op 11th"]
[Site "Paleochora"]
[Date "2018.07.19"]
[Round "2"]
[White "Papargiriou, Anastasios"]
[Black "Riff, Jean Noel"]
[Result "0-1"]
[WhiteElo "2063"]
[BlackElo "2519"]
[PlyCount "58"]
[EventDate "2018.07.18"]
[EventType "swiss"]
[EventRounds "9"]
[EventCountry "GRE"]
[SourceTitle "CBM 186 Extra"]
[Source "ChessBase"]
[SourceDate "2018.08.24"]
[SourceVersion "1"]
[SourceVersionDate "2018.08.24"]
[SourceQuality "1"]

1. e4 c5 2. Nc3 Nc6 3. g3 g6 4. Bg2 Bg7 5. Nge2 d6 6. 0-0 Rb8 7. d3 e5 8. h3 Nge7 9. Kh2 0-0 10. Nd5 Nxd5 11. exd5 Ne7 12. c3 b5 13. d4 exd4 14. cxd4 c4 15. Bg5 h6 16. Be3 Bb7 17. Nf4 b4 18. a3 a5 19. h4 Qb6 20. Qd2 Nf5 21. Be4 Nxe3 22. fxe3 Ba6 23. Rf2 Rfe8 24. Qc2 b3 25. Qb1 Qb7 26. Bxg6 fxg6 27. Qxg6 Qf7 28. Qxd6 Bb5 29. Kg2 Bf8 0-1

[Event "Aegean op 39th"]
[Site "Aghios Kirykos"]
[Date "2016.07.13"]
[Round "3"]
[White "Lekic, Dusan"]
[Black "Papargiriou, Anastasios"]
[Result "1-0"]
[WhiteElo "2374"]
[BlackElo "2105"]
[PlyCount "107"]
[EventDate "2016.07.11"]
[EventType "swiss"]
[EventRounds "9"]
[EventCountry "GRE"]
[SourceTitle "CBM 173 Extra"]
[Source "ChessBase"]
[SourceDate "2016.08.29"]
[SourceVersion "1"]
[SourceVersionDate "2016.08.29"]
[SourceQuality "1"]

1. d4 Nf6 2. g3 g6 3. Bg2 Bg7 4. e4 d6 5. Ne2 0-0 6. 0-0 e5 7. h3 Nbd7 8. c4 exd4 9. Nxd4 Nc5 10. Nc3 Re8 11. Re1 a5 12. Ndb5 Be6 13. e5 dxe5 14. Qxd8 Rexd8 15. Nxc7 Rac8 16. Nxe6 Nxe6 17. b3 Nd4 18. Rb1 Nc6 19. Be3 Rd3 20. Na4 Bf8 21. Nb6 Re8 22. Rbd1 Rxd1 23. Rxd1 Nd4 24. Bxb7 Rb8 25. Nd5 Nxd5 26. Bxd5 Bc5 27. Kg2 Kf8 28. Rd3 Ke7 29. f4 f6 30. g4 h5 31. Bd2 a4 32. fxe5 fxe5 33. Bg5+ Kd6 34. bxa4 Rb4 35. Bf7 hxg4 36. hxg4 Rxa4 37. Rd2 Bb4 38. Rf2 Bc5 39. Bh6 Kd7 40. Bxg6 Rxc4 41. g5 Ne6 42. Rf7+ Kd6 43. Rf6 Ke7 44. Bf5 Nf4+ 45. Kf3 Rc3+ 46. Kg4 Bf2 47. Be4 Rc4 48. Kf5 Ra4 49. a3 Bg3 50. g6 Nh5 51. Rf7+ Kd8 52. Bf8 Bf4 53. g7 Ng3+ 54. Kg4 1-0

[Event "Aegean op 39th"]
[Site "Aghios Kirykos"]
[Date "2016.07.12"]
[Round "2"]
[White "Papargiriou, Anastasios"]
[Black "Diamantakos, Sotirios"]
[Result "1-0"]
[WhiteElo "2105"]
[BlackElo "1307"]
[PlyCount "63"]
[EventDate "2016.07.11"]
[EventType "swiss"]
[EventRounds "9"]
[EventCountry "GRE"]
[SourceTitle "EXT 2017"]
[Source "ChessBase"]
[SourceDate "2016.10.25"]
[SourceVersion "1"]
[SourceVersionDate "2016.10.25"]
[SourceQuality "1"]

1. e4 g6 2. d4 Bg7 3. Nc3 d6 4. f4 Nc6 5. Nf3 Bg4 6. Be3 Nf6 7. h3 Bxf3 8. Qxf3 0-0 9. 0-0-0 Nd7 10. e5 Nb6 11. h4 Qc8 12. h5 dxe5 13. fxe5 Qf5 14. Qxf5 gxf5 15. h6 Bh8 16. Bd3 e6 17. g4 fxg4 18. Rdg1 f5 19. exf6 Bxf6 20. Rxg4+ Kh8 21. Ne4 Nd5 22. Nxf6 Nxe3 23. Rg7 Rxf6 24. Rxh7+ Kg8 25. Rg1+ Kf8 26. Rh8+ Ke7 27. Rxa8 Rxh6 28. c3 e5 29. Rag8 Rh2 30. R8g7+ Kd6 31. R1g6+ Kd5 32. Rd7# 1-0

[Event "Aegean op 36th"]
[Site "Aghios Kirykos"]
[Date "2013.07.16"]
[Round "5"]
[White "Papargiriou, Anastasios"]
[Black "Kiselev, Pavel"]
[Result "0-1"]
[WhiteElo "2112"]
[BlackElo "2209"]
[PlyCount "86"]
[EventDate "2013.07.15"]
[EventType "swiss"]
[EventRounds "9"]
[EventCountry "GRE"]
[SourceTitle "EXT 2014"]
[Source "ChessBase"]
[SourceDate "2013.11.20"]
[SourceVersion "1"]
[SourceVersionDate "2013.11.20"]
[SourceQuality "1"]

1. e4 c5 2. Nc3 e6 3. g3 Nc6 4. Bg2 Nf6 5. d3 Be7 6. f4 d5 7. e5 Nd7 8. Nf3 Rb8 9. 0-0 b5 10. Qe1 b4 11. Ne2 0-0 12. g4 f6 13. exf6 Nxf6 14. Ng3 Nxg4 15. Bh3 e5 16. f5 Nf6 17. Nxe5 Nxe5 18. Qxe5 Bd6 19. Qe2 Re8 20. Qf2 Bb7 21. Ne2 Be5 22. d4 Ne4 23. Qg2 cxd4 24. Bf4 Ba6 25. Bxe5 Rxe5 26. Rf4 Bxe2 27. Qxe2 Qg5+ 28. Qg4 Qf6 29. Rd1 Rc8 30. Qg2 Re7 31. Re1 Rec7 32. Re2 d3 33. cxd3 Rc1+ 34. Rf1 Qd4+ 35. Kh1 Nf6 36. Re7 Rxf1+ 37. Qxf1 Qxb2 38. Re2 Qd4 39. Bg2 a5 40. h3 a4 41. Re7 b3 42. Qe1 Kh8 43. Qg3 Rc1+ 0-1

[Event "GRE-chT 40th"]
[Site "Achaia"]
[Date "2012.07.03"]
[Round "5.14"]
[White "Efthimiatos, Georgios"]
[Black "Papargiriou, Anastasios"]
[Result "0-1"]
[WhiteElo "2048"]
[BlackElo "2069"]
[PlyCount "73"]
[EventDate "2012.06.30"]
[EventType "team-swiss"]
[EventRounds "7"]
[EventCountry "GRE"]
[SourceTitle "CBM 149 Extra"]
[Source "ChessBase"]
[SourceDate "2012.08.24"]
[SourceVersion "1"]
[SourceVersionDate "2012.08.24"]
[SourceQuality "1"]
[WhiteTeam "Pan GA"]
[BlackTeam "Koropiou"]
[WhiteTeamCountry "GRE"]
[BlackTeamCountry "GRE"]

1. e4 c5 2. Nf3 Nc6 3. Nc3 Nf6 4. Bb5 a6 5. Bxc6 bxc6 6. e5 Nd5 7. Ne4 d6 8. 0-0 Bf5 9. d3 e6 10. b3 f6 11. exd6 Bxd6 12. Ba3 Bxe4 13. dxe4 Nc3 14. Qe1 Nb5 15. Bb2 Nd4 16. Qd1 Nxf3+ 17. Qxf3 0-0 18. Rad1 Qc7 19. Qh3 Rfe8 20. Rd3 c4 21. bxc4 Rab8 22. Rb3 Be5 23. Bxe5 Qxe5 24. Qe3 Rxb3 25. cxb3 Rd8 26. Qb6 Rd6 27. Qxa6 h6 28. Qb6 Kh7 29. Qe3 Rd4 30. Re1 Qa5 31. g3 Rd2 32. a4 Qb4 33. Rc1 Rb2 34. Qc3 Qa3 35. b4 Rb3 36. Qa1 Qxb4 37. Rc2 0-1

[Event "Aegean op 34th"]
[Site "Aghios Kirykos"]
[Date "2011.07.09"]
[Round "1"]
[White "Papargiriou, Anastasios"]
[Black "Fragiadaki, Irini"]
[Result "1-0"]
[WhiteElo "2114"]
[BlackElo "1455"]
[PlyCount "49"]
[EventDate "2011.07.09"]
[EventType "swiss"]
[EventRounds "9"]
[EventCountry "GRE"]
[SourceTitle "CBM 143 Extra"]
[Source "ChessBase"]
[SourceDate "2011.08.29"]
[SourceVersion "1"]
[SourceVersionDate "2011.08.29"]
[SourceQuality "1"]

1. e4 c5 2. Nc3 d6 3. Bb5+ Bd7 4. Bxd7+ Nxd7 5. d3 Ngf6 6. f4 e6 7. Nf3 a6 8. 0-0 b5 9. e5 Nd5 10. Ne4 N7b6 11. Qe2 Qc7 12. f5 dxe5 13. fxe6 f6 14. Nh4 0-0-0 15. a3 Nf4 16. Qg4 Kb8 17. Rxf4 exf4 18. Bxf4 Bd6 19. Nxd6 Rxd6 20. Nf5 Nc8 21. Qg3 Rhd8 22. e7 Nxe7 23. Bxd6 Rxd6 24. Nxd6 Ka8 25. Re1 1-0

[Event "Athens op"]
[Site "Athens"]
[Date "2010.10.01"]
[Round "2"]
[White "Delithanasis, Dimitrios"]
[Black "Papargiriou, Anastasios"]
[Result "1-0"]
[WhiteElo "2259"]
[BlackElo "1956"]
[PlyCount "84"]
[EventDate "2010.09.21"]
[EventType "swiss"]
[EventRounds "7"]
[EventCountry "GRE"]
[SourceTitle "EXT 2012"]
[Source "ChessBase"]
[SourceDate "2011.11.24"]
[SourceVersion "1"]
[SourceVersionDate "2011.11.24"]
[SourceQuality "1"]

1. Nf3 Nf6 2. c4 g6 3. b4 Bg7 4. Bb2 0-0 5. e3 d6 6. d4 c5 7. b5 cxd4 8. exd4 e5 9. Be2 e4 10. Nfd2 Re8 11. Nf1 a6 12. a4 axb5 13. axb5 Rxa1 14. Bxa1 Nh5 15. Ne3 Nf4 16. Nc3 Qg5 17. Bf1 Nd3+ 18. Bxd3 exd3 19. 0-0 Bxd4 20. Ncd5 Qe5 21. Bxd4 Qxd4 22. Qa1 Qxa1 23. Rxa1 Nd7 24. Ra3 Kg7 25. Rxd3 Ne5 26. Rd4 Ng4 27. h3 Nxe3 28. Nxe3 Be6 29. Rxd6 Rc8 30. Rb6 Bxc4 31. Nxc4 Rxc4 32. Rxb7 Rc1+ 33. Kh2 Rb1 34. g4 Rb3 35. g5 h6 36. h4 h5 37. b6 Rb4 38. Kg3 Rg4+ 39. Kh3 Rf4 40. Rc7 Rxf2 41. b7 Rb2 42. Kg3 Rb4 1-0

[Event "Nikaia op 18th"]
[Site "Nikaia"]
[Date "2010.08.23"]
[Round "5"]
[White "Papargiriou, Anastasios"]
[Black "Megalios, Konstantinos"]
[Result "1-0"]
[WhiteElo "2065"]
[BlackElo "1896"]
[PlyCount "95"]
[EventDate "2010.08.20"]
[EventType "swiss"]
[EventRounds "9"]
[EventCountry "GRE"]
[SourceTitle "CBM 138 Extra"]
[Source "ChessBase"]
[SourceDate "2010.10.29"]
[SourceVersion "1"]
[SourceVersionDate "2010.10.29"]
[SourceQuality "1"]

1. e4 c6 2. c4 d5 3. cxd5 cxd5 4. exd5 Nf6 5. Nc3 Nxd5 6. Nf3 e6 7. d4 Bb4 8. Bd2 Nc6 9. Bb5 0-0 10. 0-0 Be7 11. Re1 Bf6 12. Bxc6 bxc6 13. Ne4 Rb8 14. Qa4 Rxb2 15. Qxa7 Qb6 16. Qxb6 Rxb6 17. Ne5 Bxe5 18. dxe5 Ba6 19. Nc5 Ra8 20. Reb1 h6 21. a4 Rxb1+ 22. Rxb1 Kh7 23. g3 g5 24. Kg2 Kg6 25. g4 h5 26. f3 hxg4 27. fxg4 Bc8 28. a5 Ba6 29. Kf3 Bb5 30. Ne4 Bd3 31. Rb7 Bxe4+ 32. Kxe4 c5 33. Kd3 Nb4+ 34. Bxb4 cxb4 35. Rb5 Rd8+ 36. Kc4 Rd2 37. Rxb4 Ra2 38. Kb5 f5 39. exf6 Kxf6 40. Ra4 Rb2+ 41. Kc6 Rc2+ 42. Kd7 Rd2+ 43. Ke8 Rxh2 44. a6 Rh8+ 45. Kd7 e5 46. a7 Ra8 47. Ra6+ Kf7 48. Kc7 1-0

[Event "Ambelokipi op 81st"]
[Site "Athens"]
[Date "2007.10.17"]
[Round "4"]
[White "Papargiriou, Anastasios"]
[Black "Daifas, Ioannis"]
[Result "1/2-1/2"]
[WhiteElo "2076"]
[BlackElo "1892"]
[PlyCount "97"]
[EventDate "2007.10.06"]
[EventType "swiss"]
[EventRounds "6"]
[EventCountry "GRE"]
[SourceTitle "EXT 2008"]
[Source "ChessBase"]
[SourceDate "2007.11.25"]
[SourceVersion "1"]
[SourceVersionDate "2007.11.25"]
[SourceQuality "1"]

1. e4 e6 2. d4 c5 3. Nf3 cxd4 4. Nxd4 Nc6 5. Nc3 Qc7 6. Be3 a6 7. Be2 Nf6 8. 0-0 Be7 9. f4 d6 10. Bf3 0-0 11. Kh1 Rd8 12. a4 Ne5 13. Ndb5 axb5 14. Nxb5 Qc6 15. fxe5 dxe5 16. Qe2 b6 17. Bd2 Qxc2 18. Bc3 Qxe2 19. Bxe2 Bb7 20. Bxe5 Nxe4 21. Bf3 Rd2 22. Bd4 Bc5 23. Bxc5 Nxc5 24. Bxb7 Nxb7 25. b4 Rb2 26. Nc7 Rc8 27. Rfc1 g6 28. h3 Rxb4 29. Nxe6 Rxc1+ 30. Rxc1 fxe6 31. Rc8+ Kf7 32. Rc7+ Kf6 33. Rxb7 Rxa4 34. Rxb6 h5 35. Kg1 Ra2 36. Kf1 Kf5 37. Rb8 e5 38. Rf8+ Ke4 39. Rb8 Rd2 40. Rb5 Kf4 41. Rb3 e4 42. g3+ Ke5 43. Rb6 Rd6 44. Rb5+ Kd4 45. Ke2 Rc6 46. Rb4+ Rc4 47. Rb2 Rc3 48. Rb4+ Kc5 49. Rxe4 1/2-1/2

[Event "Ambelokipi op 81st"]
[Site "Athens"]
[Date "2007.10.13"]
[Round "3"]
[White "Kharlampidi, Tengiz"]
[Black "Papargiriou, Anastasios"]
[Result "1-0"]
[WhiteElo "2130"]
[BlackElo "2076"]
[PlyCount "127"]
[EventDate "2007.10.06"]
[EventType "swiss"]
[EventRounds "6"]
[EventCountry "GRE"]
[SourceTitle "EXT 2008"]
[Source "ChessBase"]
[SourceDate "2007.11.25"]
[SourceVersion "1"]
[SourceVersionDate "2007.11.25"]
[SourceQuality "1"]

1. e4 c5 2. Nc3 a6 3. f4 b5 4. a4 b4 5. Nce2 Bb7 6. d3 e6 7. e5 Ne7 8. Ng3 h5 9. Nf3 h4 10. Ne4 Nf5 11. Be2 Be7 12. Rg1 c4 13. g4 hxg3 14. hxg3 a5 15. g4 Bxe4 16. dxe4 Qb6 17. gxf5 Bh4+ 18. Kd2 c3+ 19. bxc3 bxc3+ 20. Kxc3 Qb4+ 21. Kd3 Na6 22. Be3 Rc8 23. Bd4 Bf2 24. c3 Rxc3+ 25. Bxc3 Nc5+ 26. Kc2 Qb3+ 27. Kc1 Qxc3+ 28. Kb1 Qb4+ 29. Ka2 Bxg1 30. Rb1 Qxa4+ 31. Qxa4 Nxa4 32. Rb8+ Ke7 33. Rxh8 Nc3+ 34. Kb3 Nxe2 35. Nxg1 Nxg1 36. Rh2 Nf3 37. Rf2 Nd4+ 38. Kc4 Nc6 39. fxe6 Kxe6 40. Rg2 g6 41. Kc5 Nb4 42. Rd2 Nc6 43. Rg2 Nb4 44. Kc4 Nc6 45. Kb5 Ke7 46. Kc5 Nb4 47. Kb5 Nc6 48. Kb6 Nb4 49. Rd2 g5 50. f5 Nc6 51. Rd5 f6 52. exf6+ Kxf6 53. Rxd7 Ne5 54. Rd6+ Kf7 55. Re6 Nd7+ 56. Kxa5 Nf6 57. e5 Nd5 58. Rg6 Ne3 59. e6+ Ke7 60. Rg7+ Kf6 61. Rf7+ Ke5 62. Kb5 Nd5 63. Kc4 g4 64. e7 1-0

[Event "Ambelokipi op 81st"]
[Site "Athens"]
[Date "2007.10.10"]
[Round "2"]
[White "Papargiriou, Anastasios"]
[Black "Megaloudis, Petros"]
[Result "1-0"]
[WhiteElo "2076"]
[BlackElo "1849"]
[PlyCount "93"]
[EventDate "2007.10.06"]
[EventType "swiss"]
[EventRounds "6"]
[EventCountry "GRE"]
[SourceTitle "EXT 2008"]
[Source "ChessBase"]
[SourceDate "2007.11.25"]
[SourceVersion "1"]
[SourceVersionDate "2007.11.25"]
[SourceQuality "1"]

1. e4 e5 2. Nf3 Nc6 3. Bc4 Bc5 4. c3 h6 5. 0-0 Nf6 6. d3 d6 7. a4 Bg4 8. b4 Bxb4 9. cxb4 Nd4 10. Nbd2 c6 11. Bb2 0-0 12. Bxd4 exd4 13. Qc2 Nh5 14. h3 Bxh3 15. gxh3 Nf4 16. Kh2 d5 17. Bb3 g5 18. Rg1 Kh7 19. Nf1 Qd7 20. Rg3 dxe4 21. dxe4 d3 22. Qc5 f6 23. Qf5+ Qxf5 24. exf5 Rfe8 25. Nd4 Rad8 26. Ne6 Nxe6 27. Bxe6 Rd4 28. Rd1 Red8 29. Rg4 b6 30. Ne3 c5 31. bxc5 bxc5 32. Rxd4 Rxd4 33. Nc4 h5 34. Kg3 g4 35. hxg4 hxg4 36. f3 gxf3 37. Kxf3 Kh6 38. Ke3 Kg5 39. Rxd3 Rxd3+ 40. Kxd3 Kf4 41. a5 Kf3 42. a6 Kf4 43. Nd6 Ke5 44. Nb5 Kf4 45. Nxa7 c4+ 46. Kxc4 Ke5 47. Nb5 1-0

[Event "Ambelokipi op 71st"]
[Site "Athens"]
[Date "2006.09.27"]
[Round "6"]
[White "Papargiriou, Anastasios"]
[Black "Kakadelis, Stratos"]
[Result "1-0"]
[WhiteElo "2062"]
[BlackElo "2157"]
[PlyCount "45"]
[EventDate "2006.09.09"]
[EventType "swiss"]
[EventRounds "7"]
[EventCountry "GRE"]
[SourceTitle "EXT 2007"]
[Source "ChessBase"]
[SourceDate "2006.11.23"]
[SourceVersion "1"]
[SourceVersionDate "2006.11.23"]
[SourceQuality "1"]

1. e4 c5 2. Nf3 e6 3. d4 cxd4 4. Nxd4 a6 5. Nc3 Qc7 6. Bd3 Nf6 7. 0-0 b5 8. Be3 Bb7 9. f3 Bd6 10. Kh1 h5 11. Bg1 h4 12. Nce2 Nh5 13. f4 h3 14. g3 f5 15. Be3 fxe4 16. Bxb5 Nf6 17. Nxe6 Qa5 18. Qxd6 axb5 19. Nxg7+ Kf7 20. Nf5 Nd5 21. Qe5 Nxe3 22. Qe7+ Kg6 23. Qg7+ 1-0

[Event "Ambelokipi op 71st"]
[Site "Athens"]
[Date "2006.09.20"]
[Round "4"]
[White "Galanos, Dimitrios"]
[Black "Papargiriou, Anastasios"]
[Result "1/2-1/2"]
[WhiteElo "2147"]
[BlackElo "2062"]
[PlyCount "73"]
[EventDate "2006.09.09"]
[EventType "swiss"]
[EventRounds "7"]
[EventCountry "GRE"]
[SourceTitle "EXT 2007"]
[Source "ChessBase"]
[SourceDate "2006.11.23"]
[SourceVersion "1"]
[SourceVersionDate "2006.11.23"]
[SourceQuality "1"]

1. d4 d5 2. Bg5 Nf6 3. Bxf6 exf6 4. e3 Bd6 5. c4 c6 6. cxd5 cxd5 7. Bb5+ Bd7 8. Bxd7+ Nxd7 9. Nc3 Nb6 10. Nge2 Rc8 11. 0-0 0-0 12. Qb3 Qd7 13. Kh1 Qf5 14. Ng3 Bxg3 15. hxg3 Rfd8 16. Kg1 Qe6 17. Rac1 a6 18. Ne2 g5 19. Rxc8 Rxc8 20. Nc1 Nc4 21. Qxb7 Nxe3 22. fxe3 Rxc1 23. Rxc1 Qxe3+ 24. Kh2 Qxc1 25. Qxd5 Qxb2 26. Qd8+ Kg7 27. d5 Qe2 28. Qa5 Qe4 29. Qxa6 Qxd5 30. a4 h5 31. Qb5 Qd6 32. Kg1 Qxg3 33. a5 h4 34. a6 h3 35. Qb7 h2+ 36. Kh1 Qe1+ 37. Kxh2 1/2-1/2

[Event "Nikaia op 14th"]
[Site "Nikaia"]
[Date "2006.08.??"]
[Round "8"]
[White "Savoglou, Nikolaos"]
[Black "Papargiriou, Anastasios"]
[Result "1/2-1/2"]
[WhiteElo "1940"]
[BlackElo "2062"]
[PlyCount "75"]
[EventDate "2006.08.??"]
[EventType "swiss"]
[EventRounds "9"]
[EventCountry "GRE"]
[SourceTitle "EXT 2008"]
[Source "ChessBase"]
[SourceDate "2007.11.25"]
[SourceVersion "1"]
[SourceVersionDate "2007.11.25"]
[SourceQuality "1"]

1. d4 d5 2. Nf3 Nf6 3. c4 e6 4. Nc3 Be7 5. Bf4 0-0 6. e3 c5 7. dxc5 Bxc5 8. Be2 Nc6 9. cxd5 Nxd5 10. Nxd5 exd5 11. 0-0 d4 12. Rc1 Bb6 13. exd4 Nxd4 14. Nxd4 Bxd4 15. Qd2 Qf6 16. Bg5 Qb6 17. Bf3 Bf5 18. b3 f6 19. Bf4 Rac8 20. Bxb7 Bxf2+ 21. Rxf2 Qxb7 22. h3 Be4 23. Rff1 Rfd8 24. Rxc8 Rxc8 25. Rf2 h6 26. Qd4 Kh7 27. Be3 a6 28. Qb6 Qa8 29. Qa7 Rc1+ 30. Kh2 Qxa7 31. Bxa7 Kg6 32. b4 Ra1 33. Bd4 Rd1 34. Bb2 Bd5 35. a3 Rd3 36. Bc1 Rc3 37. Bb2 Rd3 38. Bc1 1/2-1/2

[Event "Ambelokipi op 70th"]
[Site "Athens"]
[Date "2006.05.24"]
[Round "6"]
[White "Draci, Robert"]
[Black "Papargiriou, Anastasios"]
[Result "1-0"]
[WhiteElo "2236"]
[BlackElo "2014"]
[PlyCount "41"]
[EventDate "2006.05.06"]
[EventType "swiss"]
[EventRounds "7"]
[EventCountry "GRE"]
[SourceTitle "EXT 2007"]
[Source "ChessBase"]
[SourceDate "2006.11.23"]
[SourceVersion "1"]
[SourceVersionDate "2006.11.23"]
[SourceQuality "1"]

1. e4 c5 2. Nf3 Nc6 3. Nc3 d6 4. d4 cxd4 5. Nxd4 e5 6. Nb3 Nf6 7. Bg5 Be7 8. Qd2 0-0 9. 0-0-0 Be6 10. Bxf6 gxf6 11. Nd5 f5 12. Nxe7+ Qxe7 13. exf5 Bxb3 14. cxb3 Nd4 15. Bd3 a5 16. Kb1 Rfb8 17. Rhe1 Kf8 18. Qh6+ Ke8 19. f6 Qe6 20. Bxh7 Nc6 21. Qg5 1-0

[Event "GRE-ch U18"]
[Site "Athens"]
[Date "2006.01.05"]
[Round "4.7"]
[White "Antoniou, Dimitrios"]
[Black "Papargiriou, Anastasios"]
[Result "1-0"]
[WhiteElo "1948"]
[BlackElo "2014"]
[PlyCount "87"]
[EventDate "2006.01.03"]
[EventType "swiss"]
[EventRounds "9"]
[EventCountry "GRE"]
[SourceTitle "EXT 2024"]
[Source "ChessBase"]
[SourceDate "2023.10.10"]
[SourceVersion "1"]
[SourceVersionDate "2023.10.10"]
[SourceQuality "1"]

1. d4 d5 2. c3 Nf6 3. Bg5 e6 4. e3 Be7 5. Bd3 Nbd7 6. Nf3 0-0 7. Nbd2 c5 8. 0-0 b6 9. Qc2 Bb7 10. h3 h6 11. Bf4 c4 12. Be2 b5 13. Ne5 a5 14. a3 Nxe5 15. Bxe5 Nd7 16. Bh2 Bc6 17. Bf3 Nb6 18. Be2 b4 19. axb4 axb4 20. b3 cxb3 21. Nxb3 Qd7 22. cxb4 Bxb4 23. Nc5 Bxc5 24. dxc5 Nc4 25. Bxc4 dxc4 26. Bd6 Rfc8 27. Rab1 Bb5 28. Rfc1 Qc6 29. Qb2 Ba6 30. Qb6 f6 31. f3 e5 32. e4 Kf7 33. Rc3 h5 34. h4 g5 35. hxg5 fxg5 36. Kh1 g4 37. Bxe5 Qxb6 38. cxb6 Bb7 39. Bc7 Ra2 40. Rxc4 gxf3 41. gxf3 Rf2 42. Rc3 Ke6 43. Ra1 h4 44. Ra7 1-0